LIBRARY & INFORMATION CENTRE, KCAET, TAVANUR

ONLINE PUBLIC ACCESS CATALOGUE (OPAC)

Annie Besant / (Record no. 6001)

MARC details
000 -LEADER
fixed length control field 00489cam a2200193ua 4500
041 ## - LANGUAGE CODE
Language code of text/sound track or separate title eng
082 ## - DEWEY DECIMAL CLASSIFICATION NUMBER
Classification number 923.6
Item number SRI/AN
100 ## - MAIN ENTRY--AUTHOR NAME
Personal name Sri Prakasa, .
245 ## - TITLE STATEMENT
Title Annie Besant /
260 ## - PUBLICATION, DISTRIBUTION, ETC. (IMPRINT)
Place of publication Mumbai :
Name of publisher Bharatiya Vidya Bhavan ,
Year of publication 1954.
300 ## - PHYSICAL DESCRIPTION
Number of Pages ; .
490 0# - SERIES STATEMENT
Series statement Bhavans Book University,
Volume number/sequential designation
942 ## - ADDED ENTRY ELEMENTS (KOHA)
Koha item type Books
Holdings
Withdrawn status Lost status Damaged status Home library Current library Date acquired Full call number Accession Number Koha item type
Withdrawn     KAUAET Sanskrit University 07/04/2012 923.6 3396 Books
free website counter